00601nam a2200145 a 4500003000200000005001700002008004100019050003000060100003800090245013600128260009000264300002300354650003600377650004200413020250528122428.0021022s19uu xx 00 eng d aPHS LB 3060.83b.B66 2002 aBondad, Candice Mabel Monasterio. aThe Academic and social concerns of graduating word lab students entering a regular high school /cCandice Mabel Monasterio Bondad. aLas Piñas City, Philippines :bSouthville International School and Colleges,c2002. a35 pages ;c28 cm. aSchool adjustmentzPhilippines. aEducational transitionszPhilippines.